000
00306nam a22001457a 4500
008
211018b ||||| |||| 00| 0 eng d
020
_a
9781881052951
041
_a
eng
080
_a
658
082
_a
658
100
_a
54
101
_a
LID
245
_a
A Simpler way
_c
Wheatley,M.J
942
_2
udc
_c
BK
999
_c
58238
_d
58238